Vocabulaire anglais des RH #1 - Statistiques

Statistiques générales
  • Ce quiz a été pris 29 fois
  • Le résultat moyen est 6 sur 51
Statistiques - réponses
Hint Réponse % Correct
assistant assistant
96%
apprentice apprenti
71%
technician technicien
54%
engineer ingénieur
50%
applicant, candidate candidat
46%
trainee, intern stagiaire
33%
teamleader chef d'équipe
21%
look for work/a job chercher un travail/un emploi
21%
job, employment emploi
21%
CEO, managing director PDG
21%
executive cadre
17%
blue-collar worker ouvrier
17%
head of department chef de service
13%
managing director, general manager directeur général
13%
temp, temporary worker intérimaire
13%
assistant, deputy adjoint
8%
entrepreneur chef d'entreprise
8%
job seeker demandeur d'emploi
8%
management direction
8%
civil servant, government official fonctionnaire
8%
qualified/skilled worker ouvrier qualifié
8%
staff, personnel, workforce personnel
8%
position poste
8%
office worker, white collar worker employé de bureau
4%
white-collar worker employé de bureau
4%
supply and demand l'offre et la demande
4%
supervisor, foreman agent de maîtrise
0%
self-employed worker artisan
0%
executive assistant, office manager assistant assistant de direction
0%
associate associé, collaborateur
0%
managing class cadres
0%
chief executive, senior executive cadre supérieur
0%
head chef, en tête de
0%
customer client (pour un commerce)
0%
client client (pour une entreprise)
0%
colleague, coworker collègue, collaborateur
0%
employee employé, salarié
0%
incumbent, tenured employé, titulaire
0%
do a placement, do an internship faire un stage en entreprise
0%
civil service fonction publique, administration
0%
application from formulaire de candidature
0%
staff, manage gérer le personnel
0%
senior/high/top-ranking civil servant haut fonctionnaire
0%
Yuppy jeune cadre dynamique
0%
partner partenaire, collaborateur
0%
cleaning staff personnel d'entretien
0%
apply for a job, put in for a job postuler, être candidat à un poste
0%
substitue, stand-in remplaçant, suppléant
0%
HR management, Head of Recruitment responsable des ressources humaines
0%
work placement, internship stage en entreprise
0%
laboraty worker technicien de laboratoire
0%
Aucun quiz correspondant
Distribution des résultats
% des personnes avec chaque résultat
Percentile par nombre de réponses
Votre historique - résultats
Vous n’avez pas pris ce quiz